000 00882cab a2200181 4500
001 L130454
008 050801n2005 000 0 eng u
035 _a(Sirsi) u130454
041 _aeng
100 _aMalleson, Howard
245 _aApplication of the project control standards and qualifications
260 _c2005
490 _aCost Engineer
_v43(4) July 2005, 8-11(4)
520 _aReviews the Project Control Occupational Standards and the application of the standards and qualifications in the workplace. Looks at the creation and content of the standards including new content. Concludes that the standards will help improve project execution performance, improve the professional status and recognition of project control practitioners and help attract younger people into the profession.
590 _aIKA020805
690 _aProject management
_96261
942 _n0
999 _c75629
_d75629